Etica e infinito /

সংরক্ষণ করুন:
গ্রন্থ-পঞ্জীর বিবরন
প্রধান লেখক: Levinas, Emmanuel (autor)
অন্যান্য লেখক: Nemo, Philippe (entrevista) (entrevista), Ayuso Díez, Jesús María (presentación, traducción y notas) (presentación, traducción y notas)
বিন্যাস: গ্রন্থ
ভাষা:স্প্যানিশ
প্রকাশিত: Madrid, España : Visor, 1991, c1991
ট্যাগগুলো: ট্যাগ যুক্ত করুন
কোনো ট্যাগ নেই, প্রথমজন হিসাবে ট্যাগ করুন!

MARC

LEADER 00000nam^a2200000^a^4500
001 000595359
005 20250521000000.0
009 20260310133045.85
020 |a 84-7774-541-2 
037 |a Acervo Xavier Clavigero 
041 |a ESP 
091 |a FDU. 00400 
100 |a Levinas, Emmanuel  |e (autor) 
245 1 0 |a Etica e infinito / 
264 4 |a Madrid, España :  |b Visor,  |c 1991, c1991 
300 |a 115 p. 
336 |a texto  |b txt  |2 rdacontenido 
337 |a sin mediación  |b n  |2 rdamedio 
338 |a volumen  |b nc  |2 rdasoporte 
649 |a XX 
700 |a Nemo, Philippe  |e (entrevista) 
700 |a Ayuso Díez, Jesús María  |e (presentación, traducción y notas) 
910 |a Fondo Víctor Raúl Durana Valerio S.J. 
920 |a Impresos - Libros 
930 |a Fondos Especiales 
905 |a 116 
901 |a 595359-10  |b IT2  |c ESP  |i D4572  |u 20250521 
902 |a https://opac.biblio.iteso.mx/vufind/Record/000595359